[Event "FIDE-Wch k.o."]
[Site "Groningen"]
[Date "1997.12.12"]
[Round "2.2"]
[White "Shirov, Alexei"]
[Black "Granda Zuniga, Julio E"]
[Result "1/2-1/2"]
[WhiteElo "2700"]
[BlackElo "2625"]
[Annotator "Finkel,A"]
[PlyCount "191"]
[EventDate "1997.12.09"]
[EventType "k.o."]
[EventRounds "7"]
[EventCountry "NED"]
[SourceTitle "CBM 063"]
[Source "ChessBase"]
[SourceDate "1998.03.26"]
[SourceVersion "1"]
[SourceVersionDate "1998.03.26"]
[SourceQuality "1"]

1. e4 {Hecht Oratovsky,M} c5 2. Nf3 Nc6 3. d4 cxd4 4. Nxd4 Qb6 5. Nb3 e6 6. Bd3
Nf6 7. O-O Be7 8. c4 (8. Nc3 d6 9. a4 O-O 10. a5 $5 Qc7 11. f4 Bd7 12. g4 Nb4
13. g5 Ne8 14. Be3 $36 {Lobjanidze,D-Yegiazarian,A/Erevan op 1996 (34)}) 8...
Ne5 $5 (8... d6 9. Nc3 a6 (9... Qc7 $6 10. Bf4 $5 b6 11. Rc1 Qd7 12. Qe2 Bb7
13. Rfd1 e5 $6 14. Be3 Ng4 15. Bd2 $16 {Rechlis,G-Maryasin,B/Israel 1st League
JER-ASH b1, ISR 1997 (28)}) 10. Be3 Qc7 11. Rc1 Ne5 12. Be2 b6 13. Nd4 Bb7 14.
f4 Ned7 15. f5 e5 16. Nd5 $1 $14 {Polaczek,R-Plachetka,J/Val Maubuee op 1988 
(66)}) (8... d5 $5 9. cxd5 (9. Nc3 d4 $5 10. c5 Qd8 11. Nb5 O-O 12. Bg5 e5 13.
Rc1 Ne8 $132 {Brooks,M-Epishin,V/New York op 1989/0-1 (70)}) (9. exd5 exd5 10.
c5 $2 Bxc5 11. Nxc5 Qxc5 12. Nc3 O-O 13. Bg5 Qd6 14. Bxf6 Qxf6 15. Nxd5 Qxb2
$17 {Stisis,Y-Golod,V/ISR-chT (AFEK-Beer1) 1996/0-1 (44)}) 9... exd5 10. Nc3
dxe4 11. Nxe4 O-O 12. Qe2 Nd4 13. Nxd4 Qxd4 $11 {Timoshenko,G-Epishin,V/URS-YM
Tbilisi 1989/0-1 (57)}) 9. Nc3 d6 10. Be3 Qc7 11. Be2 O-O (11... Nxc4 $6 12.
Nb5 Qc6 13. Bxc4 Qxc4 14. a4 $1 (14. Nxd6+ Bxd6 15. Qxd6 Nxe4 16. Qf4 $1 {
[%cal Rf2f3]} (16. Qa3 {[%cal Gf2f3,Ga1c1]} a5 {[%cal Gc4b4]} 17. f3 (17. Rfc1
Qb4 18. Qxb4 axb4 19. Rc4 Nf6 $11 {[%cal Gf6d5]}) 17... Nf6 18. Bc5 b5 $1 (
18... Bd7 {[%cal Gc4a4]} 19. Nxa5 Qb5 {[%tqu "En","","","","a5c4","",10]} 20.
Nc4 $1 Rxa3 21. Nd6+ $16) 19. Rac1 Qa4 20. Qxa4 bxa4 21. Nd4 Ba6 $13) 16... g5
$8 17. Qf3 O-O 18. Rac1 $40) 14... Bd7 {[%cal Gd7b5]} (14... O-O 15. Nd2 Qc6
16. Rc1 Qd7 17. Nc7 $18) 15. Na5 Qc8 16. Rc1 Bc6 17. Nxa7 Qd7 18. N5xc6 bxc6
19. Nxc6 Nxe4 20. Qg4 $18) 12. Rc1 a6 13. Nd4 b6 14. b3 $6 {Inaccuracy letting
black to get counterplay.Better was} (14. f4 $5 Ned7 15. b4 $1 {[%csl Gc5,Rd7,
Ge5]} Bb7 16. Bf3 Rac8 (16... Rfe8 {[%tqu "En","","","","c3d5","",10]} 17. Nd5
$5 exd5 18. cxd5 Nc5 $8 (18... Qd8 19. Nc6 Bxc6 20. dxc6 Nf8 21. c7 Qc8 22. e5
dxe5 23. fxe5 N6d7 24. Qd5 $1 {[%cal Rd5a8,Rd5f7]} Ra7 {[%tqu "En","","","",
"d5f7","",5]} 25. Qxf7+ $1 $18 Kxf7 26. Bd5+ Kg6 27. Bf7#) 19. bxc5 bxc5 20.
Nb3 $16) 17. g4 $16 {[%cal Gg4g5]}) 14... Re8 15. f4 Ned7 16. Bf3 Bb7 17. Re1 (
17. g4 $6 Nc5 18. Qc2 e5 $1 $132) 17... Rac8 18. Bf2 Nf8 19. Qd2 Qb8 20. f5 $5
N6d7 (20... e5 $6 21. Nc2 $16 {[%csl Rd5][%cal Gc2e3,Gg2g4,Gg4g5,Gc2b4]}) 21.
fxe6 fxe6 22. Bh5 g6 23. Bg4 Bf6 24. Nf3 Rcd8 $1 $132 25. Rcd1 (25. Bh3 $5 Nc5
{[%csl Re4][%cal Rf6c3]} 26. Bd4 Bxd4+ 27. Nxd4 e5 28. Nf3 $14) 25... Qc7 {
[%csl Gc3][%cal Gb6b5]} 26. Na4 $6 {After this move black seizes the
initiative.Better was} (26. Bd4 Ne5 27. Bxe5 (27. Bh3 Nxf3+ 28. gxf3 Bxd4+ 29.
Qxd4 Qc5 30. Kf1 e5 $11 {[%cal Gf8e6]}) 27... dxe5 $11 {[%cal Gf6e7,Ge7c5]
with equality.}) 26... b5 $1 27. cxb5 axb5 28. Rc1 Qb8 29. Nc3 Nc5 $15 {
[%csl Re4][%cal Gb5b4]} 30. Qf4 (30. Bd4 $142 Bxd4+ 31. Qxd4 b4 $1 32. Nb1 (32.
Qxb4 $2 Nd3 $17) (32. Nb5 $6 {[%cal Gb5d6]} Bxe4 $1 (32... Ba6 33. Nxd6 Nd3 34.
e5 Nxe1 $15 35. Rxe1 $44) 33. Nxd6 Nd3 $1 $17) 32... Qa8 $1 $15 {[%csl Ra2,Re4]
} 33. Nbd2 Qxa2 34. Qxb4) 30... Bxc3 31. Rxc3 e5 $17 32. Qf6 Nxe4 33. Rxe4 Bxe4
34. Ng5 Qb7 $1 35. h4 Bd5 $6 (35... Bxg2 $5 36. Ne6 Bh1 37. Rg3 Rc8 $19) (35...
b4 $1 36. Re3 Bxg2 37. h5 Bc6 $19) 36. Rd3 h6 37. Rxd5 $1 {Shirov feels like
fish in the water in such kind of positions and finds good practical chanse.}
Qxd5 38. Bf3 e4 $8 39. Bxe4 (39. Bd4 Re5 40. Bxe5 dxe5 41. Nxe4 Qd4+ 42. Kh2
Rd7 $17 {[%cal Gd7f7]}) 39... Qe5 (39... Rxe4 $6 40. Nxe4 Qd1+ 41. Kh2 Rd7 42.
Bd4 $40) 40. Qf7+ Kh8 41. Bd5 Qg7 $8 42. Qxg7+ Kxg7 43. Bd4+ Re5 44. Nf7 $15
Rd7 45. Nxe5 dxe5 46. Bxe5+ Kh7 47. Bc6 Rd1+ 48. Kf2 $1 (48. Kh2 b4 $17) 48...
Rd2+ 49. Ke3 Rxa2 50. g3 Ra6 51. Be4 {[%cal Gh4h5]} h5 52. Kd4 {Centralized
position of white king and pair of strong bishops give to white good chances
to save the game.} Ra1 53. Bc6 Rb1 54. Bd6 Ne6+ 55. Ke5 Ng7 56. b4 Nf5 57. Bc5
Nxg3 58. Bxb5 Nf5 59. Bc6 Nxh4 60. b5 Nf3+ $1 {After} (60... Nf5 61. b6 h4 62.
b7 h3 63. Ba7 h2 64. Kf4 $1 (64. b8=Q Rxb8 65. Bxb8 Ng3 $11) 64... Ne7 65. Bg2
$1 {Only white has chances to win .}) 61. Bxf3 Rxb5 {[#] Hecht: Zwei Läufer
gegen Turm plus zwei verbundene Freibauern, deren Verwertung wegen der
Brettrandnähe Schwierigkeiten bereitet.} 62. Kd4 Kh6 63. Be2 Rb8 {Deserved
attention} (63... Rb7 $5 64. Ke3 Rf7 $17 {trying to prevent moving white's
king to kingside.}) 64. Ke3 g5 65. Kf2 Rb3 66. Bf3 g4 67. Be3+ Kg6 68. Bc6 h4 (
68... g3+ 69. Ke2 h4 70. Bg2 Kf5 71. Kf3 $11 {[%cal Gg2h3]}) (68... Kf5 $5 {
Hecht} 69. Be8 h4 70. Bd7+ Ke4 71. Bc6+ Ke5 72. Bg5 h3) 69. Bd7 $1 $11 {
Now the draw is inevitable.} Rb2+ 70. Kf1 g3 (70... Kh5 $4 71. Be8#) 71. Bh3
Kh5 (71... Rh2 {Hecht} 72. Bg1 Rxh3 73. Kg2 $11) 72. Bg1 Ra2 73. Bd7 Rb2 74.
Bh3 Rd2 75. Bc8 Rc2 76. Bh3 Kg6 77. Be3 Ra2 78. Bg1 Ra3 79. Kg2 Kg5 80. Bc5 Rd3
(80... Ra2+ {Hecht} 81. Kf1 Rh2 82. Be3+ Kh5) 81. Be7+ Kh5 82. Bc5 Rc3 83. Bb6
Rc6 84. Bg1 Rc2+ 85. Kf3 Rc3+ 86. Be3 Ra3 87. Ke4 Ra8 88. Kf3 Rf8+ 89. Kg2 Rf7
90. Bd4 Rf4 91. Be3 Rb4 92. Kf3 Kg6 93. Bf4 Rb2 94. Kg4 g2 95. Bh2 Rb3 96. Kxh4
1/2-1/2

[Event "Olympiad-36"]
[Site "Mallorca"]
[Date "2004.10.23"]
[Round "8"]
[White "Cheparinov, Ivan"]
[Black "Moiseenko, Alexander"]
[Result "0-1"]
[WhiteElo "2576"]
[BlackElo "2653"]
[Annotator "Finkel,A"]
[PlyCount "74"]
[EventDate "2004.10.15"]
[EventType "team-swiss"]
[EventRounds "14"]
[EventCountry "ESP"]
[SourceTitle "CBM 104"]
[Source "ChessBase"]
[SourceDate "2005.01.27"]
[SourceVersion "1"]
[SourceVersionDate "2005.01.27"]
[SourceQuality "1"]
[WhiteTeam "Bulgaria"]
[BlackTeam "Ukraine"]
[WhiteTeamCountry "BUL"]
[BlackTeamCountry "UKR"]

1. e4 c5 2. Nf3 Nc6 3. d4 cxd4 4. Nxd4 e5 5. Nb5 d6 6. N1c3 a6 7. Na3 Be7 {
A pet line of the Ukrainian grandmaster, even though I don't think black has
good chances to equalize if white is properly prepared.} 8. Nc4 (8. Nd5 b5 9.
g3 Nf6 10. Nxf6+ Bxf6 11. Bg2 Be6 12. c3 O-O 13. Nc2 a5 14. O-O b4 15. Ne3 Rc8
16. Qd3 bxc3 17. bxc3 $14 {Berndt,S-Boensch,U/Germany 2004}) 8... b5 (8... Nf6
9. Be3 b5 10. Nb6 Rb8 11. Nxc8 Qxc8 12. Be2 O-O 13. O-O b4 14. Nd5 Nxe4 15. a3
$14 {Sulskis,S-Radjabov,T/Tallinn 2004}) 9. Ne3 Nf6 10. g3 h5 11. Bg2 h4 12.
O-O Nd4 (12... g6 $6 13. a4 b4 14. Ncd5 Be6 15. c3 bxc3 16. bxc3 Kf8 17. Ba3
Bxd5 18. Nxd5 Nxd5 19. Qxd5 $16 {Van den Doel,E-Moiseenko,A/Plovdiv 2003}) (
12... hxg3 13. fxg3 $5 Be6 14. a4 Nd4 15. Ncd5 bxa4 16. Rxa4 Nxd5 17. exd5 Bd7
18. c3 Ne2+ 19. Qxe2 Bxa4 20. Qg4 $44 {Bauer,C-Moiseenko,A/Bilbao 2004}) 13.
Ncd5 {Following Anand's foot steps is usualy not a bad idea.} (13. a4 $6 Be6
14. Ncd5 Nxd5 15. Nxd5 Bxd5 16. exd5 b4 17. c3 bxc3 18. bxc3 Nf5 19. Qd3 g6
$132 {Lahno,K-Moiseenko,A/Montreal 2004}) 13... Nxd5 14. Nxd5 Be6 15. c3 {
The latest fashion.White doesn't want to waste a tempo by retreating with the
knight.} (15. Ne3 $5 hxg3 16. hxg3 Qd7 17. c3 Nc6 18. Re1 Rb8 19. a4 g6 20.
axb5 axb5 21. Nd5 Bd8 22. Be3 Kf8 23. b4 $14 {Anand,V-Radjabov,T/Linares 2003})
15... Bxd5 16. exd5 Nf5 17. a4 $5 ({White succeeded to get an advantage after} 
17. Qd3 g6 18. a4 hxg3 19. hxg3 Rb8 20. axb5 axb5 21. b4 Qd7 22. Bd2 Bd8 23.
Ra6 $14 {Potkin,V-Eljanov,P/Moscow 2004}) 17... hxg3 18. hxg3 Rb8 19. axb5 axb5
20. Ra6 $5 {[%csl Gb6][%cal Gf2f4] Very important preparation move. White's
plan is to push f4 so it's necessary to keep square b6 under control.} (20. Qd3
g6 21. b4 Qb6 22. Bd2 Kf8 23. Rfe1 $14) 20... g6 21. Qd3 Kf8 22. f4 $5 {
Instead of playing on the queenside, which seems to be the most natural plan
in the position due to the weakness of b5, white opts for direct assault on
the kingside.} (22. b4 Kg7 23. Bd2 Bg5 24. Rfa1 Bxd2 25. Qxd2 Qc7 26. Bf1 $14)
22... Rb6 (22... exf4 23. Bxf4 Kg7 24. Be4 Nh6 25. Be3 $16) 23. Ra7 Qb8 24. Ra1
Kg7 25. Bd2 $6 {If u say д" you should say "b"! In other words f4 is pointless
if white doesn't intend to push f5, so it was just the right momnet ot advance
an f-pawn.} (25. Be4 $1 Nh6 26. f5 gxf5 (26... Nxf5 $2 27. Bxf5 gxf5 28. Qxf5
f6 29. Bg5 Rf8 30. Be3 Rb7 31. Qg4+ Kf7 32. Qh5+ Kg8 33. Qg6+ Kh8 34. Rf5 $18)
27. Bxh6+ Rxh6 28. Rxf5 $36 {[%csl Rf7][%cal Ga1f1,Gd3f3,Gg3g5] with very
dangerous pressure on the light squares.}) 25... Qc8 26. b4 (26. Be4 $5) 26...
Ra6 27. fxe5 Rxa1 28. Rxa1 dxe5 29. Qxb5 $2 {This move is just a suicide!} (29.
Be1 Nd6 30. Bf2 Qg4 31. Qf3 Qc4 32. Bf1 Qb3) 29... Nxg3 {[%cal Gc8g4,Gg4h4]}
30. Ra7 $6 (30. d6 Bxd6 31. Ra6 Bb8 32. Bg5 Ne4 $1 {[%csl Gf6]} 33. Bxe4 Qg4+
$19) (30. Re1 Qg4 31. Rxe5 Qd1+ 32. Be1 Bf6 33. Re3 Nf5 34. Re4 Bxc3 35. Qf1
Be5 $1 $17) 30... Qg4 $1 $19 31. Rxe7 Qd1+ 32. Bf1 Rh1+ 33. Kg2 Rxf1 34. Qd3
Rg1+ 35. Kh2 Rh1+ 36. Kg2 Qg1+ 37. Kf3 Nf5 0-1

[Event "EU-ch 6th"]
[Site "Warsaw"]
[Date "2005.06.26"]
[Round "8"]
[White "Ivanchuk, Vassily"]
[Black "Movsesian, Sergei"]
[Result "1-0"]
[WhiteElo "2739"]
[BlackElo "2628"]
[Annotator "Finkel,A"]
[PlyCount "65"]
[EventDate "2005.06.18"]
[EventType "swiss"]
[EventRounds "13"]
[EventCountry "POL"]
[SourceTitle "CBM 108"]
[Source "ChessBase"]
[SourceDate "2005.09.26"]
[SourceVersion "1"]
[SourceVersionDate "2005.09.26"]
[SourceQuality "1"]

1. e4 {Ftacnik} c5 2. Nf3 Nc6 3. d4 cxd4 4. Nxd4 Qc7 5. c4 Nf6 6. Nc3 Nxe4 $5
7. Nxe4 Qe5 8. Be3 Qxe4 9. Nb5 Qe5 (9... Kd8 10. Qd5 $5 Qxd5 11. cxd5 Nb4 12.
Rc1 Nxd5 13. Bxa7 e6 14. Bc4 $36 {Hippe,F-Klawonn,M/Neumuenster 1999}) 10. Qd2
{For a pawn white has got a very strong initiative since all black pieces are
stuck on the 8th rank for quite a while.} a6 (10... b6 11. Be2 Qb8 12. O-O-O a6
13. Bf3 $2 Ne5 14. Bxa8 axb5 15. Be4 Nxc4 16. Qd5 e6 17. Qxb5 Nxe3 18. fxe3 Bc5
$17 {Palecha,A-Djukic,N/Chalkidiki 2000}) 11. f4 Qb8 12. Nc3 e6 13. O-O-O b5 ({
Deserved attention} 13... Be7 $5 {intending to castle as soon as possible.})
14. cxb5 axb5 15. Bxb5 Qc7 16. f5 Be7 $6 ({In the previous game played in this
tricky line black opted for} 16... Bb4 {,but it proved to be insufficient to
equalize, however it made more sense than a move in the game.} 17. fxe6 fxe6
18. a3 Na5 19. Kc2 Be7 20. Bf4 Qd8 21. Rhf1 O-O 22. Bd6 Nb7 23. Bxe7 Qxe7 24.
Kb1 $14 {Fontaine,R-Fressinet,L/France 1999}) 17. fxe6 fxe6 (17... dxe6 18. Bf4
(18. Qd4 $6 O-O 19. Qb6 Qxb6 20. Bxb6 Nb4 $1 21. a3 Rb8 22. Be3 Na2+ 23. Nxa2
Rxb5 24. Nc3 Rb7 $13) 18... Qb7 19. Bd6 Bf6 (19... Bh4 20. g3 Bf6 21. Be5) 20.
Be5 $1 O-O (20... Bxe5 $2 21. Qd8#) 21. Bxf6 gxf6 22. Qf4 $16) 18. Rhf1 {
[%csl Re8] Black's main problem in the arising position is a security of the
king, so white's next moves are directed to keep it in the center.} Bf6 19. Bc5
$1 Qe5 $6 {'?' Ftacnik. Ftacnik: 'Movsesian is centralizing the queen in the
hope, that very strong threat Bg5 will slow down opponent's attack. White will
start up the fireworks in the moment, when all his pieces are ready for the
action.'} (19... Na7 $6 20. Qf2 $1 Bxc3 $140 $2 21. Qf8+ $1 Rxf8 22. Rxf8#) (
19... Ra5 20. Rxf6 $1 gxf6 21. Ne4 {[%cal Ge4d6,Ge4f6]} Kf7 22. Qh6 Qe5 23. Rf1
$1 $18 f5 $140 24. Ng5+ Ke8 25. Qh5+ Kd8 26. Nf7+ Kc7 27. Nxe5 Rxb5 28. Bd6+) (
19... Ne7 20. Bd6 Qd8 21. Ne4 O-O 22. Kb1 (22. Nxf6+ {Ftacnik} Rxf6 23. Rxf6
gxf6 24. Qd4 Ng6 (24... Rxa2 25. Qxf6 Qa5 26. Qxe7 $18) 25. Kb1 $14) 22... Bb7
23. Nxf6+ Rxf6 24. Rxf6 gxf6 25. Bxe7 (25. Qb4 $14 {Ftacnik}) 25... Qxe7 26.
Qxd7 Qxd7 27. Rxd7 Bxg2 28. Bc4 Be4+ 29. Ka1 Bf5 30. b3 $16) 20. Rxf6 $1 {
It's hard to call this nice move a sacrifice since black loses by force if he
decide to accept it:} Qxc5 (20... gxf6 21. Bxc6 dxc6 22. Qd8+ Kf7 23. Qxh8 $18)
(20... Qxf6 21. Ne4 Qg6 22. Bxc6 $18) 21. Rxe6+ $1 $18 {A final touch!} dxe6
22. Qd8+ Kf7 23. Qxh8 Qg5+ 24. Kb1 Bb7 25. Qxh7 {Ftacnik: 'The final position
of the spectacular combination indicates, that black has no compensation for
the missing two pawns.'} Qxg2 26. Rf1+ (26. Rd7+ $5 Ne7 27. Qh4 Re8 28. Qh5+ g6
29. Qh7+ Kf6 30. Qh4+ Kf7 31. Qf4+ Kg8 32. Rxb7 Qxb7 33. Bxe8 $18) 26... Ke7
27. Qh4+ Kd6 28. Qf4+ e5 29. Rd1+ Kc7 30. Qf7+ {Ftacnik: 'The defender has
lost long ago and the hunt for his king is just the last act.'} Kb8 31. Qf8+
Kc7 32. Nd5+ Qxd5 33. Qxg7+ 1-0

[Event "FIDE World Cup KO"]
[Site "Shenyang"]
[Date "2000.09.08"]
[Round "1.4"]
[White "Milos, Gilberto"]
[Black "Movsesian, Sergei"]
[Result "1-0"]
[WhiteElo "2633"]
[BlackElo "2666"]
[Annotator "Finkel,A"]
[PlyCount "191"]
[EventDate "2000.09.07"]
[EventType "k.o."]
[EventRounds "4"]
[EventCountry "CHN"]
[SourceTitle "CBM 079"]
[Source "ChessBase"]
[SourceDate "2000.11.21"]
[SourceVersion "1"]
[SourceVersionDate "2000.11.21"]
[SourceQuality "1"]

{[%mdl 4128]} 1. e4 {Hecht.} c5 2. Nf3 Nc6 3. d4 cxd4 4. Nxd4 Qc7 5. Nb5 Qb8 6.
c4 a6 (6... Nf6 7. Bd3 e6 8. f4 a6 9. N5c3 d6 10. O-O Be7 11. Be3 Nd7 12. Nd2
O-O 13. Nf3 b6 $13 {Lalic,B-Bischoff,K/Premier 2000}) 7. N5c3 e6 (7... Nf6 8.
Be2 e6 9. O-O Qc7 10. Be3 b6 11. f4 d6 12. Nd2 Be7 13. Rc1 Qd8 14. Qe1 O-O 15.
Qg3 $36 {Oll,L-Pogorelov,R/Benidorm op 1993}) 8. Be3 (8. Be2 Bc5 9. O-O Nge7
10. Kh1 O-O 11. f4 f5 12. Nd2 Nd4 13. Bd3 b5 $132 {Susnik,M-Simic,D/SLO-ch 1995
}) 8... Nf6 9. Be2 b6 (9... Be7 10. O-O O-O 11. Na4 Qe5 12. Nbc3 Nxe4 13. Nxe4
Qxe4 14. Bd3 Qe5 15. Qc2 f5 $17 {Fantin,L-Korstin,M/WJun 1999}) (9... d6 10.
O-O Be7 11. Na3 O-O 12. Nc2 Nd7 13. Qd2 b6 14. Rac1 Bb7 15. Rfd1 Qa7 $13 {
Anchev,N-Skytte,R/Eu-Youth Boys-u20 1999}) 10. O-O Bc5 11. Bg5 ({Nothing would
promise} 11. Qd2 Bb7 (11... Bxe3 12. Qxe3 e5 13. Na3 d6 14. Nc2 $14) 12. Bxc5 (
12. a3 O-O 13. b4 Bxe3 14. Qxe3 Qc7 15. Nd2 $13) 12... bxc5 13. Qg5 Qe5 14.
Qxg7 Nxe4 $13 {and black is doing fine.}) 11... Bb7 12. Nd2 Bd6 13. Kh1 h6 (
13... Bf4 14. Bh4) 14. Be3 Bc5 ({Of coarse not} 14... Bxh2 $2 15. f4 $1 (15. g3
Bxg3 16. fxg3 Qxg3 17. Bf2 Qh3+ 18. Kg1 Ne5 $132) 15... Bg3 16. e5 Nh7 17. Nde4
$16 {and white is dominating.}) 15. Bxc5 bxc5 16. f4 d6 17. Bd3 O-O 18. Qf3 Qc7
$132 19. Rae1 (19. Qh3 Nd4 20. Nf3 Nxf3 21. Rxf3 d5 $13) 19... Rad8 20. Qg3 Kh8
21. Re3 $6 {Losing a thread for a couple of moves.} (21. Nf3) 21... d5 22. cxd5
exd5 23. e5 $2 {Losing an exchange} (23. exd5 Nb4 $13) 23... Nh5 24. Qg4 d4 $17
25. Nd5 $8 (25. Ref3 dxc3 26. bxc3 Nxe5 27. fxe5 Bxf3 28. Rxf3 Qxe5 $19) 25...
Rxd5 26. Rh3 Bc8 27. Qxh5 Bxh3 28. Qxh3 Ne7 {[%csl Gf5] Even though black is
an exchange up the position is far from being simple and whie's defensive
resourses are huge.} (28... Na5 $2 29. Qf5 g6 30. Qf6+ Kg8 31. b3 Qc6 32. Ne4
$13) 29. Nc4 Rdd8 30. f5 f6 31. e6 Nd5 32. Re1 Rfe8 33. Be4 (33. Re4 Re7 34.
Qf3 Nb6) 33... Re7 34. Qf3 Nf4 $6 ({Missing} 34... Nb6 $1 35. Na5 Nd7 $1 $17 {
with good wining chanses.}) 35. Rf1 (35. g3 Nh3 36. Qg2 Ng5 37. Bd3 Nf7 $1 {
[%cal Gf7d6]}) 35... d3 36. Nd2 (36. Qxf4 $2 Qxf4 37. Rxf4 d2 38. Nxd2 Rxd2 39.
h3 Rxb2 $19) 36... Ne2 37. Bxd3 Nd4 (37... Nf4 $5 38. Qxf4 Qxf4 39. Rxf4 Rxd3
40. Rf2 g6 41. g4 $15) 38. Qe4 Nc6 39. Nf3 a5 40. Rc1 Qd6 41. Bb5 Ne5 (41...
Nd4 $5) 42. Nxe5 fxe5 43. Qc4 $5 Qd4 (43... Qd1+ $5 44. Qf1 Qd4 45. b3 (45. f6
Rxe6 46. f7 Rf6 $19) 45... e4 $15) 44. h3 Rd5 45. Qf1 e4 46. Bc4 Rd8 47. Bb3
Qe5 48. Rd1 Rf8 ({Better was} 48... Rxd1 $1 49. Qxd1 Qd4 $17) 49. Rd5 Qxe6 {
[%cal Gf8f1]} 50. fxe6 Rxf1+ 51. Kh2 {Hecht: '[#] Aktiver weißer König i.V.
mit dem starken Freibauern e6 mit beiderseitigen Chancen, doch besseren
Möglichkeiten für Schwarz. Die Partie kippt im 70.Zug.'} a4 {'!?' Hecht.} (
51... Rc1 $1 {Hecht} 52. Rd7 (52. Kg3 c4 53. Rc5 cxb3 54. Rxc1 bxa2 55. Ra1
Rxe6 56. Kf2 $15) (52. Re5 c4 53. Ba4 Ra1 54. Rxe4 Rxa2 55. Rxc4 Rxb2 56. Bd7
$17) 52... e3 53. Rxe7 e2 $19) 52. Bc4 Rc1 (52... Rf2 53. Rxc5 Rxb2 54. Re5 g5
55. Rxe4 Kg7 $15) 53. Rxc5 Kh7 (53... g5 54. b4 Kg7 55. Kg3 Kf6 56. Kf2 Rc3 $17
) (53... Rxe6 $2 {Hecht} 54. Rc8+ Kh7 55. Bxe6 $18) (53... e3 $2 {Hecht} 54.
Rc8+ Kh7 55. Bd3+ $18) 54. Rc6 Kg6 $6 (54... g5) 55. Kg3 Kf6 56. Kf4 Rc2 $6 (
56... Re1) 57. Rc8 Rxb2 58. Rf8+ Kg6 59. Ke5 $1 {Suddenly the position becomes
unclear and white e-pawn is very dangerous one.} e3 (59... Rc7 60. Bd5 (60. Kd6
Rxc4 61. e7 Rd2+ 62. Ke5 Rc5+ 63. Kf4 Rf2+ 64. Ke3 Re5 $11) 60... e3 61. Rf4 h5
(61... Kh7 {Hecht} 62. Re4 (62. Rxa4 $2 e2 63. Re4 Rc1 64. e7 e1=Q 65. Rxe1
Rxe1+ 66. Be4+ Rxe4+ 67. Kxe4 Re2+ $19) 62... e2 63. Kd6 Rc1 64. e7 e1=Q 65.
e8=Q Qg3+ 66. Re5 Qg6+ 67. Qxg6+ Kxg6 68. Be4+ Kf7 69. Bd5+ Kf8 70. Re4 $15)
62. Kd6 e2 63. Re4 Rc8 64. e7 $18) 60. Bd3+ Kg5 61. g3 h5 (61... Rf2 $1 62. Rf4
Rxf4 63. gxf4+ Kh4 64. Kd6 Re8 65. Kd7 Ra8 66. e7 Kxh3 67. e8=Q Rxe8 68. Kxe8
Kg4 (68... h5 {Hecht} 69. Kf7 h4 70. f5 Kg3 71. Kxg7 h3 72. f6 h2 73. f7 h1=Q
74. f8=Q Qa1+ 75. Kh6 Qxa2) 69. f5 e2 $13) 62. Rf5+ Kh6 63. g4 hxg4 64. hxg4 g6
65. Rf3 e2 66. Re3 Kg5 67. Bxe2 Rd2 (67... Rxa2 68. Kd6 Re8 69. Kd7 Kf4 70.
Rf3+ Kxg4 (70... Ke4 71. Kxe8 Rxe2 72. Ra3 $18) 71. Bd1 Rd2+ (71... Rxe6 {Hecht
} 72. Kxe6 Ra1 $11) 72. Rd3+ Rxd1 73. Rxd1) 68. a3 Re8 69. Re4 Re7 70. Bb5 Ra2
$2 {'??' Hecht.} (70... Ra7) (70... Rb7) (70... Rc7 $1 {Hecht} 71. Rc4 $11) 71.
Kd6 Rb7 72. e7 Rxe7 73. Kxe7 $18 Rxa3 74. Bxa4 Rf3 75. Bd7 Rf1 76. Re5+ Kf4 77.
Rc5 (77. Kf6 {Hecht} Rb1 78. Ra5 Rb6+ 79. Be6 Rb4 80. g5 $18) 77... Kg3 78.
Rc3+ $6 (78. Rc6 $1 g5 79. Bf5) 78... Kh4 79. Rc6 Kg5 80. Rc5+ Kh4 81. Be6 Rf4
82. Rc8 Kg5 83. Rf8 Rb4 84. Rf1 Rb7+ 85. Kf8 Rc7 86. Rf7 Rc6 87. Bd7 Rd6 88.
Kg7 Rb6 89. Re7 Rd6 90. Bc8 Rc6 91. Bd7 Rd6 92. Kh7 Rd1 93. Rg7 Rh1+ 94. Kg8
Kf6 (94... Rd1 $142 {Hecht}) 95. Be8 Rh6 96. Rh7 1-0

[Event "EU-Cup 09th final"]
[Site "Hilversum"]
[Date "1993.12.11"]
[Round "2"]
[White "Almasi, Zoltan"]
[Black "Dizdarevic, Emir"]
[Result "1-0"]
[WhiteElo "2580"]
[BlackElo "2540"]
[Annotator "Ftacnik,L"]
[PlyCount "85"]
[EventDate "1993.12.10"]
[EventType "team-k.o."]
[EventRounds "3"]
[EventCountry "NED"]
[SourceTitle "EXT 2020"]
[Source "ChessBase"]
[SourceDate "2019.10.17"]
[SourceVersion "1"]
[SourceVersionDate "2019.10.17"]
[SourceQuality "1"]
[WhiteTeam "Budapest Honved"]
[BlackTeam "Sarajevo Bosna"]
[WhiteTeamCountry "HUN"]
[BlackTeamCountry "BIH"]

1. e4 {Horvath,T} c5 2. Nf3 Nc6 3. d4 cxd4 4. Nxd4 Qc7 5. Nb5 Qb8 6. c4 b6 {
?! Horvath,T} (6... Nf6 $142 {Horvath,T}) 7. Be2 Bb7 8. O-O e6 (8... d6 9. N1c3
Nf6 10. Nd5 $16) 9. f4 Nf6 10. e5 Bc5+ 11. Kh1 Ng8 (11... Ne4 12. Bf3 (12. Bd3
$1 {Horvath,T} Nf2+ 13. Rxf2 Bxf2 14. Nd6+ Ke7 15. Qh5 Nd8 16. f5 $1 h6 17. f6+
$1 gxf6 18. exf6+ Kxf6 (18... Kxd6 19. Bf4+ $18) 19. Bf4 $18) 12... Nf2+ 13.
Rxf2 Bxf2 14. Nd6+ Ke7 15. Nxf7 $40) 12. N1c3 {/\ Ne4-d6} f5 13. a3 a6 14. b4
Be7 15. Nd6+ Bxd6 16. exd6 Na7 (16... Nh6 {Horvath,T} 17. Na4 Bc8 18. Be3 $18)
17. Na4 Nc8 18. Bb2 $1 Kf8 19. c5 b5 20. Be5 $1 {!! Horvath,T} (20. Nc3 Nf6 $14
) 20... bxa4 21. Qd4 Nf6 22. Bxf6 Rg8 (22... gxf6 23. Qxf6+ Kg8 24. Rf3 Bxf3
25. gxf3 $18) 23. Bxg7+ $1 Rxg7 24. Qf6+ Kg8 (24... Rf7 25. Qh8#) 25. Qd8+ Kf7
26. Bh5+ Rg6 27. Qxd7+ Kf6 28. Bxg6 hxg6 29. c6 Bxc6 30. Qxc6 Nxd6 31. Qc3+ Kf7
32. Rad1 $18 Qb6 33. Qe5 Rd8 34. Rd4 Ne4 35. Rxd8 Qxd8 36. Rc1 g5 37. Rc7+ Kg6
38. Qxe6+ Kh5 (38... Nf6 $2 39. Qf7+ Kh6 40. Qg7+ Kh5 41. Qxg5#) 39. Qd7 Qb8
40. Qh7+ Kg4 41. Rc5 Nf2+ (41... Nxc5 42. Qh3+ Kxf4 43. Qg3+ Ke4 44. Qxb8) 42.
Kg1 Qxf4 43. h3+ (43. h3+ Kg3 44. Rc3+) 1-0